000 00287nam a2200121Ia 4500
005 20251222152623.0
008 251222s9999||||xx |||||||||||||| ||spa||
082 _a869.812.5/O66
100 _aOribe, Emilio
245 0 _aEl Pensamiento vivo Rodó
264 _bLosada S.A.
942 _cLIB
999 _c27425
_d27425